000 00312 a2200133 4500
001 156030
040 _cEscola São Tomás de Aquino
100 _aPONTES, Hidelbrando
240 1 0 _a7 Conchas sete cores
_lpor
245 1 0 _a7 Conchas sete cores
362 0 _a2014
697 _a*LITERATURA JUVENIL
942 _cBK
999 _c156030
_d156030